Southville International School and Colleges
Your cart is empty.
  • Cart
  • Lists
    Public lists Eva Luna New books Lux_list list_1
    Your lists Log in to create your own lists
  • Log in to your account
  • Your cookies
  • Search history
Southville International School and Colleges
  • Advanced search
  • Recent comments
  • Most popular
  • Libraries

Log in to your account

Log in with GOOGLE


If you do not have an external account, but do have a local account, you can still log in:

  1. Home
  2. MARC view: Mathematics studies SL :
Normal view MARC view ISBD view

Mathematics studies SL : (Record no. 13309)

[ view plain ]
MARC details
000 -LEADER
fixed length control field 00575nam a22001817a 4500
003 - CONTROL NUMBER IDENTIFIER
control field OSt
005 - DATE AND TIME OF LATEST TRANSACTION
control field 20140310182428.0
008 - FIXED-LENGTH DATA ELEMENTS--GENERAL INFORMATION
fixed length control field 131024b xxu||||| |||| 00| 0 eng d
020 ## - INTERNATIONAL STANDARD BOOK NUMBER
International Standard Book Number 9781906345143
050 ## - LIBRARY OF CONGRESS CALL NUMBER
Classification number QA 154
Item number .G975 2009
100 ## - MAIN ENTRY--PERSONAL NAME
Personal name Gundlack, Merryn Dawborn
245 ## - TITLE STATEMENT
Title Mathematics studies SL :
Remainder of title Approach your exam the I.B. way /
Statement of responsibility, etc Merryn Dawborn-Gundlach.
260 ## - PUBLICATION, DISTRIBUTION, ETC. (IMPRINT)
Place of publication, distribution, etc United Kingdom :
Name of publisher, distributor, etc International Baccalaureate Organization,
Date of publication, distribution, etc c2009.
300 ## - PHYSICAL DESCRIPTION
Extent 156 p. :
Other physical details ill. col. ;
Dimensions 27 cm.
650 ## - SUBJECT ADDED ENTRY--TOPICAL TERM
Topical term or geographic name as entry element MAthematics-SL
942 ## - ADDED ENTRY ELEMENTS (KOHA)
Source of classification or shelving scheme Library of Congress Classification
Koha item type Books
Holdings
Withdrawn status Lost status Source of classification or shelving scheme Damaged status Home library Current library Shelving location Date acquired Total Checkouts Full call number Barcode Date last seen Copy number Price effective from Koha item type
    Library of Congress Classification   Luxembourg Library Luxembourg Library International Baccalaureate Section 10/24/2013   QA 154 .G975 2009 IB0121 10/24/2013 1 10/24/2013 Books

Mathematics studies SL :

APA

Gundlack M. D., . (2009). Mathematics studies SL. United Kingdom: International Baccalaureate Organization.

Chicago

Gundlack Merryn Dawborn, . 2009. Mathematics studies SL. United Kingdom: International Baccalaureate Organization.

Harvard

Gundlack M. D., . (2009). Mathematics studies SL. United Kingdom: International Baccalaureate Organization.

MLA

Gundlack Merryn Dawborn, . Mathematics studies SL. United Kingdom: International Baccalaureate Organization. 2009.

  • Place hold
  • Print
  • Cite
  • Add to your cart (remove)
  • Save record
    BIBTEX Dublin Core MARCXML MARC (non-Unicode/MARC-8) MARC (Unicode/UTF-8) MARC (Unicode/UTF-8, Standard) MODS (XML) RIS
  • More searches
    Search for this title in:
    Other Libraries (WorldCat) Other Databases (Google Scholar) Online Stores (Bookfinder.com) Open Library (openlibrary.org)

Exporting to Dublin Core...

SOUTHVILLE LIBRARY

Southville International School and Colleges Library

1281 Tropical Ave. Cor. Luxembourg St., BF Homes International, Las Pinas City

Tel. No. 8256374 / 252358 Loc. 117/146

Powered by Koha